Les plus gros transferts du football - Arrières droits - Statistiques

Statistiques générales
  • Ce quiz a été pris 137 fois
  • Le résultat moyen est 8 sur 10
Statistiques - réponses
Montant de transfert (M €) Saison Nationalité Venant de Allant à Joueur % Correct
68,00 2021-2022 Maroc Inter Paris SG Achraf Hakimi
100%
43,00 2020-2021 Maroc Real Madrid Inter Achraf Hakimi
100%
65,00 2019-2020 Portugal Juventus Turin Manchester City João Cancelo
94%
40,40 2018-2019 Portugal FC Valencia Juventus Turin João Cancelo
94%
52,70 2017-2018 Angleterre Tottenham Manchester City Kyle Walker
91%
58,50 2021-2022 Angleterre Brighton Arsenal Ben White
79%
55,00 2019-2020 Angleterre Crystal Palace Manchester United Aaron Wan-Bissaka
73%
40,00 2023-2024 Espagne Sporting CP Tottenham Pedro Porro
69%
35,70 2017-2018 Portugal Benfica Barcelone Nélson Semedo
62%
37,20 2023-2024 Angleterre Southampton Newcastle Tino Livramento
26%
Aucun quiz correspondant
Distribution des résultats
% des personnes avec chaque résultat
Percentile par nombre de réponses
Votre historique - résultats
Vous n’avez pas pris ce quiz